00477 2200193 4500001002100000005001500021035002000036245005000056100002200106250000600128856004500134260003600179082000800215084001400223600001000237990001200247990001200259990001200271INLIS00000000000173720250505111621 a0010-05250000291 aSebabnya Raflah Tersesat /cAman DT. Mojoindo0 aAman DT. Mojoindo a1 aRuang Baca Umum No Klas 800 ( Rak 3,4,5) aJakarta :bBalai Pustaka,c2000 a813 a813 AMA s 4aFiksi a00.0157 a00.0158 a00.0159